|
|
|
|
| LEADER |
00000nam0a2200000 4500 |
| 001 |
51642 |
| 005 |
20231031040329.0 |
| 035 |
|
|
|a (RuTPU)RU\TPU\book\54066
|
| 090 |
|
|
|a 51642
|
| 100 |
|
|
|a 20030506d1965 km y0rusy50 ca
|
| 101 |
0 |
|
|a rus
|
| 102 |
|
|
|a RU
|
| 105 |
|
|
|a a z 001zy
|
| 200 |
1 |
|
|a Параметры электрических машин переменного тока
|f Я. Б. Данилевич, В. В. Домбровский, Е. Я. Казовский
|g Академия Наук СССР; Институт электромеханики Государственного комитета по электротехнике при Госплане СССР
|
| 210 |
|
|
|a Москва
|a Ленинград
|c Наука
|d 1965
|
| 215 |
|
|
|a 339 с.
|c ил.
|
| 320 |
|
|
|a Библиогр.: с. 323-328
|
| 610 |
1 |
|
|a электрические машины
|
| 610 |
1 |
|
|a переменный ток
|
| 610 |
1 |
|
|a параметры
|
| 610 |
1 |
|
|a электромагнитные поля
|
| 610 |
1 |
|
|a уравнения
|
| 610 |
1 |
|
|a индуктивное сопротивление
|
| 610 |
1 |
|
|a короткие замыкания
|
| 675 |
|
|
|a 621.313
|v 3
|
| 700 |
|
1 |
|a Данилевич
|b Я. Б.
|g Януш Брониславович
|
| 701 |
|
1 |
|a Домбровский
|b В. В.
|g Вячеслав Вячеславович
|
| 701 |
|
1 |
|a Казовский
|b Е. Я.
|g Ефим Яковлевич
|
| 712 |
0 |
2 |
|a Академия Наук СССР
|2 stltpush
|3 (RuTPU)RU\TPU\col\722
|
| 712 |
0 |
2 |
|a Всесоюзный научно-исследовательский институт электромеханики (ВНИИЭМ)
|c (Москва)
|2 stltpush
|3 (RuTPU)RU\TPU\col\11816
|
| 801 |
|
1 |
|a RU
|b 63413507
|c 20030506
|g PSBO
|
| 801 |
|
2 |
|a RU
|b 63413507
|c 20201021
|g PSBO
|
| 942 |
|
|
|c BK
|